Spájkovateľnosť vysoko a nízkotaviteľných kovov

Bibliographic Details
Main Authors: Ruža, Viliam (Author), Koleňák, Roman, 1973- (Author)
Format: Article
Language:Slovak
PhysicalDescription:Tab.
ISSN:0044-5525
Subjects:

MARC

LEADER 00000nab a2200000 a 4500
001 vtls010259534
003 SK-MaSNL
005 20260303093004.0
008 14052219c2009 xo o |||||||||||||||b|sl
015 |a SNBRB2009/12 
035 |a SVKKK000098879 
038 |a SVKKK 
040 |a SVKKK  |b slo  |c SVKKK  |e AACR2 
041 0 |a slo  |b slo 
044 |a xo  |c SK 
080 |a 546.47/.49:669  |2 1997 
080 |a 546.72/.74:669  |2 1997 
080 |a 621.791.3  |2 1997 
080 |a 669  |2 1997 
100 1 |a Ruža, Viliam  |4 aut  |9 424051 
245 1 0 |a Spájkovateľnosť vysoko a nízkotaviteľných kovov  |c Viliam Ruža, Roman Koleňák 
300 |b Tab. 
504 |a Bibliogr. odkazy 
546 |a Res. slov. 
650 0 7 |a spájkovanie  |x nízkotaviteľné kovy  |x vysokotaviteľné kovy  |x vlastnosti  |2 snkbucl  |9 1103497 
650 0 7 |a nízkotaviteľné kovy  |2 snkbucl  |9 1103498 
650 0 7 |a vysokotaviteľné kovy  |2 snkbucl  |9 526684 
700 1 |a Koleňák, Roman,  |d 1973-  |4 aut  |9 189380 
773 0 |t Zváranie = Svařování  |g Roč. 58, č. 5-6 (2009), s. 134-137  |x 0044-5525 
852 |a SVKKK  |b BIB 
958 |a NB 
999 |c 1813839  |d 1815769